Požadavek doby: revize provozního managementu

Významný činiteľ ovplyvňujúci prosperitu firmy je oblasť riadenia výroby. Potreba spoločnosti i podniku revidovať tradičný výrobný manažment - analýza pracovných podmienok, zoznam najdôležitejších dôvodov pre revíziu. Využitie schopností a návrhov každého pracovníka. Prístupy nového výrobného manažm...

Descrizione completa

Salvato in:
Dettagli Bibliografici
Autore principale: Mašín, Ivan
Natura: Capitolo di libro
Lingua:ceco
Soggetti:
Tags: Aggiungi Tag
Nessun Tag, puoi essere il primo ad aggiungerne!!

MARC

LEADER 00000naa a2200000 4500
001 r016413
005 20221205090546.9
041 0 |a cze 
044 |a CZ 
245 1 0 |a Požadavek doby: revize provozního managementu  |c I. Mašín 
520 |a Významný činiteľ ovplyvňujúci prosperitu firmy je oblasť riadenia výroby. Potreba spoločnosti i podniku revidovať tradičný výrobný manažment - analýza pracovných podmienok, zoznam najdôležitejších dôvodov pre revíziu. Využitie schopností a návrhov každého pracovníka. Prístupy nového výrobného manažmentu. 
610 2 0 |a riadenie výroby 
610 2 0 |a manažment 
610 2 0 |a výroba 
610 2 0 |a revízia 
610 2 0 |a pracovníci 
610 2 0 |a schopnosti pracovné 
610 2 0 |a proces výrobný 
610 2 0 |a práca tímová 
610 2 0 |a produktivita práce 
610 2 0 |a hodnotenie pracovné 
100 1 |a Mašín, Ivan